[Event "Hastings9495"]
[Site "Hastings"]
[Date "1994.??.??"]
[Round "?"]
[White "Sher, Miron N"]
[Black "Maric, Alisa"]
[Result "1/2-1/2"]
[WhiteElo "2520"]
[BlackElo "2400"]

1.c4 Nf6 2.g3 e6 3.Bg2 d5 4.Nf3 dxc4 5.Qa4+ Nbd7 6.Qxc4 c5 7.d3 Bd6 8.Qb3 Rb8
9.a4 b6 10.Nc3 a6 11.Nd2 Bb7 12.Bxb7 Rxb7 13.O-O O-O 14.Nc4 Bb8 15.Rd1 Qc8
16.Bg5 Qc6 17.Rac1 Bc7 18.Bxf6 Nxf6 19.Nd2 Rd8 20.Nce4 Nxe4 21.Nxe4 Be5 22.Qc2 Qd5
23.b3 f5 24.Ng5 Bf6 25.Nf3 Rbd7 26.Qc4 Qxc4 27.bxc4 e5 28.Rb1 e4 29.Ne1 Rd6
30.Rb3 Re8 31.Kf1 Bg5 32.e3 Bf6 33.Rdb1 Ree6 34.Ke2 Kf7 35.h4 Ke8 36.Ra3 Kd7
37.Kd2 Kc7 38.Rab3 Rd7 39.Ke2 Red6 40.Rd1 Rd8 41.Rd2 Be5 42.Ra2 Rb8 43.Rd2 Rbd8
44.Rd1 R8d7 45.Nc2 Kc6 46.Ne1 Kc7 47.Rc1 Bf6 48.Rcb1 Be5 49.Rd1 Rd8 50.Rd2 R8d7
51.Ra2 Rd8 52.Raa3 Bf6 53.Rb1 Be5 54.Rbb3 Bf6 55.Ra2 Be5 56.Rd2 Bf6 57.Nc2 R8d7
58.Rd1 Rd8 59.f4 exf3+ 60.Kxf3 Be5 61.Rd2 Rg6 62.Rg2 Rdd6 63.e4 fxe4+ 64.dxe4 Rdf6+
65.Ke2 Rg4 66.Ne3 Rxe4 67.Kd3 Rd4+ 68.Kc2 Kc6 69.Kb1 Rf3 70.Rgb2 Bc7 71.g4 Re4
72.Re2 Rh3 73.h5 Rxg4 74.Rxb6+ Kxb6 75.Nxg4 Rxh5 76.Ne3 Kc6 77.Kc2 Rh3 78.Nf5 g6
79.Ne7+ Kb7 80.Re6 Rf3 81.Nd5 Rf7 82.Kd3 g5 83.Nf6 Bd8 84.Ne4 Be7 85.a5 g4
86.Rb6+ Ka7 87.Rh6 Rg7 88.Ke2 Bd8 89.Kf1 Bxa5 90.Nxc5 Bb6 91.Ne6 Rf7+ 92.Kg2 Be3
93.Rh4 Re7 94.Nf8 Re4 95.Rxh7+ Ka8 96.Nd7 Rxc4 97.Ne5 Rc5 98.Nxg4 Bd4 99.Kf3 Rg5
100.Re7 Bb6 101.Kf4 Rc5 102.Nf6 Rc7  1/2-1/2

[Event "Hastings9495"]
[Site "Hastings"]
[Date "1994.??.??"]
[Round "?"]
[White "Sher, Miron N"]
[Black "Kachiani Gersinska, Ketino"]
[Result "1-0"]
[WhiteElo "2520"]
[BlackElo "2410"]

1.c4 Nf6 2.Nc3 g6 3.e4 Bg7 4.e5 Ng8 5.d4 d6 6.exd6 cxd6 7.h3 Nf6 8.Nf3 O-O
9.Be2 Nc6 10.d5 Ne5 11.Nd4 a6 12.O-O Re8 13.b3 Ned7 14.Be3 Nb6 15.Qd2 Bd7
16.Rac1 Rc8 17.f4 Na8 18.g4 b5 19.cxb5 axb5 20.Ndxb5 Qa5 21.a4 Nc7 22.Nxc7 Rxc7
23.Bc4 Rb8 24.Rc2 h5 25.g5 Ne8 26.Nb5 Qxd2 27.Rxd2 Rcb7 28.h4 Ra8 29.Kf2 Kf8
30.Rc1 Bh8 31.Bd3 Kg8 32.Rdc2 Rab8 33.Bd2 Kh7 34.Bc3 Ng7 35.Bxg7 Bxg7 36.Rc7 Bxb5
37.Bxb5 Bd4+ 38.Kf3 Bc5 39.Rxb7 Rxb7 40.Rc4 Ba3 41.Ke4 e6 42.Rc8 Bb4 43.Re8 Be1
44.dxe6 fxe6 45.Rxe6 Bxh4 46.Rxd6 Be1 47.Kf3 Kg7 48.Bc4 Bc3 49.Ra6 Bd2 50.Ra8 Re7
51.Rg8+ Kh7 52.Rd8 Bb4 53.Rd5 Ra7 54.Bd3 h4 55.Kg4 Re7 56.f5 gxf5+ 57.Bxf5+ Kg7
58.Kxh4 Re3 59.Rd3 Re1 60.Kg4 Be7 61.g6 Kf6 62.Rf3 Rg1+ 63.Kf4 Re1 64.Be4 Bd6+
65.Kg4+ Ke5 66.Bd3 Ra1 67.Bf1  1-0

[Event "Hastings9495"]
[Site "Hastings"]
[Date "1994.??.??"]
[Round "?"]
[White "Sher, Miron N"]
[Black "Howell, James C"]
[Result "1/2-1/2"]
[WhiteElo "2520"]
[BlackElo "2505"]

1.c4 e5 2.g3 Nc6 3.Bg2 g6 4.Nc3 Bg7 5.Rb1 f5 6.d3 d6 7.e3 Nf6 8.Nge2 O-O
9.O-O Be6 10.Nd5 Bf7 11.e4 Nxd5 12.cxd5 Ne7 13.Be3 c6 14.dxc6 Nxc6 15.Qa4 Qd7
16.Nc3 Be6 17.Nd5 Qf7 18.Rbc1 f4 19.gxf4 exf4 20.Nxf4 Bxa2 21.Nd5 Bxd5 22.exd5 Ne5
23.Qd1 Qf5 24.Rc7 Nxd3 25.Rxb7 Nf4 26.Qf3 Nxg2 27.Qxf5 Rxf5 28.Kxg2 Rf7 29.Rxf7 Kxf7
30.Rc1 Bxb2 31.Rc7+ Kf6 32.Bxa7 h5 33.f4 g5  1/2-1/2

[Event "Hastings9495"]
[Site "Hastings"]
[Date "1994.??.??"]
[Round "?"]
[White "McNab, Colin Anderson"]
[Black "Sher, Miron N"]
[Result "1/2-1/2"]
[WhiteElo "2465"]
[BlackElo "2520"]

1.c4 e6 2.Nf3 Nf6 3.g3 d5 4.b3 a5 5.Bg2 a4 6.Ba3 Bxa3 7.Nxa3 Qe7 8.Nc2 e5
9.O-O Nc6 10.d4 axb3 11.axb3 Rxa1 12.Qxa1 dxc4 13.Nxe5 Nxe5 14.dxe5 Ng4 15.bxc4 Qxe5
16.h3 Qxa1 17.Rxa1 Ne5 18.Ne3 c6 19.f4 Nd7 20.Ra8 Kd8 21.Kf2 Kc7 22.Ra5 Re8
23.c5 Nf6 24.Nc4 Nd7 25.e4 f6 26.h4 g6 27.Ke3 Nxc5 28.Rxc5 b6 29.Nxb6 Kxb6  1/2-1/2

[Event "Hastings9495"]
[Site "Hastings"]
[Date "1994.??.??"]
[Round "?"]
[White "McNab, Colin Anderson"]
[Black "Madl, Ildiko"]
[Result "1/2-1/2"]
[WhiteElo "2465"]
[BlackElo "2415"]

1.c4 Nf6 2.Nf3 g6 3.g3 Bg7 4.Bg2 O-O 5.O-O c5 6.Nc3 Nc6 7.d3 a6 8.Bg5 h6
9.Be3 d6 10.Qc1 Kh7 11.Rb1 Rb8 12.a3 b5 13.cxb5 axb5 14.b4 cxb4 15.axb4 Bd7
16.h3 e6 17.Qa3 Ne7 18.Rfc1 Ned5 19.Bd2 Nxc3 20.Bxc3 e5 21.Qa5 Qe7 22.Be1 Rfc8
23.Qa7 d5 24.Qe3 Ng8 25.Rc5 d4 26.Qc1 Rxc5 27.bxc5 Rc8 28.Bb4 Bc6 29.e3 Qb7
30.e4 Ne7 31.Ra1 Ra8 32.Nd2 Ra4 33.Qb2 Bd7 34.Rxa4 bxa4 35.Nc4 Qa6 36.Ba3 Be6
37.Bf1 Qc6 38.Na5 Qd7 39.Kh2 Nc6 40.Nxc6 Qxc6  1/2-1/2

[Event "Hastings9495"]
[Site "Hastings"]
[Date "1994.??.??"]
[Round "?"]
[White "McNab, Colin Anderson"]
[Black "Luther, Thomas"]
[Result "1/2-1/2"]
[WhiteElo "2465"]
[BlackElo "2510"]

1.c4 Nf6 2.Nf3 c6 3.b3 d5 4.Bb2 Bg4 5.e3 Nbd7 6.Be2 e6 7.O-O Bd6 8.d4 Ne4
9.Nbd2 f5 10.Ne5 Bxe2 11.Qxe2 O-O 12.Nxd7 Qxd7 13.f4 Nxd2 14.Qxd2 a5 15.a4 Bb4  1/2-1/2

[Event "Hastings9495"]
[Site "Hastings"]
[Date "1994.??.??"]
[Round "?"]
[White "Maric, Alisa"]
[Black "McNab, Colin Anderson"]
[Result "0-1"]
[WhiteElo "2400"]
[BlackElo "2465"]

1.d4 d6 2.Nf3 g6 3.c4 Nd7 4.g3 Bg7 5.Bg2 e5 6.Nc3 Ngf6 7.O-O O-O 8.e4 exd4
9.Nxd4 Re8 10.Re1 a6 11.b3 Rb8 12.Bb2 Nc5 13.Qc2 c6 14.b4 Ncd7 15.Rad1 c5
16.bxc5 Nxc5 17.e5 Ng4 18.Nb3 Bf5 19.Ne4 Nxe4 20.Bxe4 Nxe5 21.Bxe5 Rxe5 22.Bxf5 Rxf5
23.c5 d5 24.Nd4 Bxd4 25.Rxd4 Qf6 26.Qd2 Rd8 27.Rb4 d4 28.Rb6 Qg5 29.Qxg5 Rxg5
30.Rxb7 Rxc5 31.Ree7 Rf5 32.Red7 Rc8 33.Rxd4 Rc2 34.Rf4 Rxf4 35.gxf4 Rxa2
36.Ra7 Kg7 37.Kg2 Ra3 38.Ra8 Kf6 39.Ra7 h5 40.h4 a5 41.Kh2 Rf3 42.Ra6+ Kf5
43.Rxa5+ Kg4 44.Kg2 Rxf4 45.Ra7 Kxh4 46.Rb7 Kg4 47.Rb3 g5 48.Ra3 Kf5 49.Ra5+ Kg6
50.Ra6+ f6 51.Rb6 Ra4 52.Rc6 Ra3 53.Rb6 h4 54.Rc6 g4 55.Rc5 Ra2 56.Kg1 f5  0-1

[Event "Hastings9495"]
[Site "Hastings"]
[Date "1994.??.??"]
[Round "?"]
[White "Maric, Alisa"]
[Black "Madl, Ildiko"]
[Result "1/2-1/2"]
[WhiteElo "2400"]
[BlackElo "2415"]

1.Nf3 Nf6 2.c4 g6 3.g3 Bg7 4.Bg2 O-O 5.O-O c5 6.d4 cxd4 7.Nxd4 Nc6 8.Nc3 Ng4
9.e3 Nxd4 10.exd4 Nh6 11.Bd2 d6 12.d5 Bd7 13.b3 a6 14.a4 Rb8 15.a5 b5 16.cxb5 Bxb5
17.Nxb5 Rxb5 18.Rc1 Nf5 19.b4 Qb8 20.Re1 Rxb4 21.Bxb4 Qxb4 22.Re4 Qxa5 23.Ra4 Qb5
24.Rb1 Qc5 25.Rxa6 Bd4 26.Ra2 Bf6 27.Rc2 Qa7 28.Rc4 Kg7 29.Be4 Nh6 30.Qa4 Qxa4
31.Rxa4 Rc8 32.Kg2 Ng8 33.Rb5 Bc3 34.Bd3 h5 35.Rc4 Rxc4 36.Bxc4 Bf6 37.h3 Nh6
38.Bd3 Bd4 39.f4 Bf6 40.Kf3 Ng8 41.g4 hxg4+ 42.hxg4 g5 43.Rb1 Nh6 44.Rg1 Ng8
45.Rh1 gxf4 46.Kxf4 Be5+ 47.Kf5 Nh6+ 48.Kg5 Ng8 49.Bc4 Bc3 50.Rh2 Bf6+ 51.Kf5 Nh6+
52.Ke4 Bg5 53.Kf3 Kf6 54.Rh5 Bd2 55.Bb5  1/2-1/2

[Event "Hastings9495"]
[Site "Hastings"]
[Date "1994.??.??"]
[Round "?"]
[White "Maric, Alisa"]
[Black "Howell, James C"]
[Result "1-0"]
[WhiteElo "2400"]
[BlackElo "2505"]

1.Nf3 Nf6 2.c4 g6 3.g3 Bg7 4.Bg2 O-O 5.d4 d5 6.cxd5 Nxd5 7.O-O Nb6 8.Nc3 Nc6
9.e3 e5 10.d5 Na5 11.e4 c6 12.Bg5 f6 13.Be3 cxd5 14.Bxb6 Qxb6 15.Nxd5 Qd8
16.Rc1 Nc6 17.b4 f5 18.exf5 e4 19.f6 Bh6 20.Rxc6 exf3 21.Rd6 fxg2 22.Re1 Qxd6
23.Ne7+ Qxe7 24.fxe7 Re8 25.g4 Bg7 26.Qd5+ Kh8 27.h3 a6 28.b5 Rb8 29.Qd6 Ra8
30.bxa6 b6 31.Qc6 Bxa6 32.Qxa8  1-0

[Event "Hastings9495"]
[Site "Hastings"]
[Date "1994.??.??"]
[Round "?"]
[White "Madl, Ildiko"]
[Black "Sher, Miron N"]
[Result "1/2-1/2"]
[WhiteElo "2415"]
[BlackElo "2520"]

1.e4 c5 2.Nf3 d6 3.d4 Nf6 4.Nc3 cxd4 5.Nxd4 Nc6 6.Be3 Ng4 7.Bb5 Nxe3 8.fxe3 Bd7
9.Bxc6 bxc6 10.O-O e6 11.Qf3 Qf6 12.Qe2 Qd8 13.Qf3 Qf6 14.Qe2 Qd8 15.Qf3  1/2-1/2

[Event "Hastings9495"]
[Site "Hastings"]
[Date "1994.??.??"]
[Round "?"]
[White "Madl, Ildiko"]
[Black "Lalic, Susan"]
[Result "1/2-1/2"]
[WhiteElo "2415"]
[BlackElo "2375"]

1.e4 e6 2.d4 d5 3.Nc3 Bb4 4.e5 c5 5.a3 Bxc3+ 6.bxc3 Qa5 7.Bd2 Qa4 8.Qb1 c4
9.Be2 Nc6 10.Nh3 Bd7 11.O-O O-O-O 12.Ra2 f5 13.Nf4 g6 14.h4 Nge7 15.Qc1 h6
16.Nh3 Ng8 17.f3 Rf8 18.Be3 Nd8 19.Qd2 Nf7 20.Rb1 Ne7 21.Rab2 b6 22.Ra2 Rfg8
23.Kf2 Nc6 24.Raa1 Rg7 25.Rg1 Ne7 26.Rgf1 Rhg8 27.f4  1/2-1/2

[Event "Hastings9495"]
[Site "Hastings"]
[Date "1994.??.??"]
[Round "?"]
[White "Madl, Ildiko"]
[Black "Kachiani Gersinska, Ketino"]
[Result "1/2-1/2"]
[WhiteElo "2415"]
[BlackElo "2410"]

1.e4 g6 2.d4 Bg7 3.Nc3 c6 4.Bc4 d6 5.Qf3 e6 6.Nge2 Nd7 7.Bb3 Ngf6 8.O-O O-O
9.Bg5 Qa5 10.Bh4 b5 11.a3 Bb7 12.Qg3 Qc7 13.f4 c5 14.e5 dxe5 15.dxe5 Ne4
16.Nxe4 Bxe4 17.c4 a6 18.Rfd1 Nb6 19.Rac1 Rfc8 20.Qf2 Bf8 21.Ng3 Bf5 22.Nxf5 exf5
23.Qe2 Qc6 24.Rd2 Qe6 25.Rdc2 a5 26.Rd2 a4 27.Ba2 b4 28.Bb1 Ra7 29.Bf2 b3
30.Be1 Be7 31.Qf1 Rd7 32.Rxd7 Nxd7 33.Bc3  1/2-1/2

[Event "Hastings9495"]
[Site "Hastings"]
[Date "1994.??.??"]
[Round "?"]
[White "Luther, Thomas"]
[Black "Sher, Miron N"]
[Result "1/2-1/2"]
[WhiteElo "2510"]
[BlackElo "2520"]

1.e4 c5 2.Nf3 d6 3.d4 Nf6 4.Nc3 cxd4 5.Nxd4 Nc6 6.Bg5 e6 7.Qd2 a6 8.O-O-O h6
9.Be3 Be7 10.f4 Nxd4 11.Bxd4 b5 12.Bd3 Bb7 13.Rhe1 O-O 14.e5 dxe5 15.Bxe5 Qb6
16.Qe2 Rad8 17.Kb1  1/2-1/2

[Event "Hastings9495"]
[Site "Hastings"]
[Date "1994.??.??"]
[Round "?"]
[White "Luther, Thomas"]
[Black "Maric, Alisa"]
[Result "1/2-1/2"]
[WhiteElo "2510"]
[BlackElo "2400"]

1.e4 e5 2.Nf3 Nc6 3.Bb5 Nf6 4.O-O Bc5 5.c3 O-O 6.d4 Bb6 7.Bg5 h6 8.Bh4 d6
9.Qd3 Qe7 10.Nbd2 Nb8 11.Rfe1 c6 12.Ba4 Nbd7 13.Nc4 Re8 14.Bb3 Bc7 15.Ne3 Qf8
16.Nf1 Nh5 17.Rad1 Ndf6 18.dxe5 dxe5 19.Ne3 Be6 20.Bxe6  1/2-1/2

[Event "Hastings9495"]
[Site "Hastings"]
[Date "1994.??.??"]
[Round "?"]
[White "Luther, Thomas"]
[Black "Arakhamia, Ketevan"]
[Result "1-0"]
[WhiteElo "2510"]
[BlackElo "2450"]

1.e4 c5 2.Nf3 Nc6 3.d4 cxd4 4.Nxd4 Nf6 5.Nc3 e5 6.Ndb5 d6 7.Bg5 a6 8.Na3 b5
9.Bxf6 gxf6 10.Nd5 f5 11.exf5 Bxf5 12.c3 Bg7 13.Nc2 Be6 14.Nce3 Ne7 15.g3 Nxd5
16.Nxd5 O-O 17.Bg2 a5 18.O-O Rb8 19.Ne3 Qd7 20.Qh5 f5 21.Bd5 f4 22.Qg4 Rbe8
23.Nf5 Rf6 24.Bc6 Bxf5 25.Bxd7 Bxg4 26.Bxe8 b4 27.Bc6 bxc3 28.bxc3 Rf8 29.Bd5+ Kh8
30.Rab1 e4 31.Bxe4 Bxc3 32.Rb7 Be2 33.Rfb1 fxg3 34.hxg3 Bd4 35.Rb8  1-0

[Event "Hastings9495"]
[Site "Hastings"]
[Date "1994.??.??"]
[Round "?"]
[White "Lalic, Susan"]
[Black "Sher, Miron N"]
[Result "1/2-1/2"]
[WhiteElo "2375"]
[BlackElo "2520"]

1.e4 c5 2.c3 Nf6 3.e5 Nd5 4.d4 cxd4 5.Nf3 Nc6 6.cxd4 d6 7.Bc4 Nb6 8.Bb5 dxe5
9.Nxe5 Bd7 10.Bxc6 Bxc6 11.Nxc6 bxc6 12.O-O g6 13.Bg5 Bg7 14.Re1 Nc8 15.Nc3 O-O
16.Be3 Nb6 17.Rc1 Re8 18.b3 a5 19.Qf3 Nd5 20.Na4 Rc8 21.Rc5 Nxe3 22.fxe3 e5
23.d5 e4 24.Qd1 cxd5 25.Rxd5 Qc7 26.Rd7 Qc6 27.Qd2 Bh6 28.Rd1 Qc2 29.Qf2 Qxf2+
30.Kxf2 Rc2+ 31.R1d2 Rec8 32.Ke2 Bf8 33.Nb6 Rxd2+ 34.Rxd2 Rc6 35.Nc4 a4 36.Rd5 axb3
37.axb3 h5 38.h3 h4 39.Re5 f5 40.Rb5 Kg7 41.Rb6 Rc5 42.Rb7+ Kf6 43.Rb6+ Kf7
44.Kf2 Rd5 45.Ke2 Be7 46.b4 Bf6 47.Nd6+ Ke7 48.Nc8+ Kf7 49.Nd6+ Ke7 50.Nc8+ Kf7
51.Nd6+  1/2-1/2

[Event "Hastings9495"]
[Site "Hastings"]
[Date "1994.??.??"]
[Round "?"]
[White "Lalic, Susan"]
[Black "Maric, Alisa"]
[Result "1/2-1/2"]
[WhiteElo "2375"]
[BlackElo "2400"]

1.e4 e5 2.Nf3 Nc6 3.Nc3 Nf6 4.d4 exd4 5.Nxd4 Bb4 6.Nxc6 bxc6 7.Bd3 d6 8.O-O Ng4
9.Bf4 Qf6 10.Qd2 O-O 11.Rae1 h6 12.Bg3 Qd4 13.a3 Bxc3 14.Qxc3 Qxc3 15.bxc3 Ne5
16.Bxe5 dxe5 17.Rb1 Rd8 18.f3 Kf8 19.Kf2 Ke7 20.Ke3 f6 21.Rb2 Kd6 22.Rfb1 Be6
23.Rb7 Bc8 24.Rb8 Be6 25.R8b7 Bc8 26.R7b2 a5 27.h4 Be6 28.g4 Ra7 29.Rg1 Raa8
30.Rgb1 Ra7 31.Rg1 Raa8 32.Rgb1  1/2-1/2

[Event "Hastings9495"]
[Site "Hastings"]
[Date "1994.??.??"]
[Round "?"]
[White "Lalic, Susan"]
[Black "Luther, Thomas"]
[Result "0-1"]
[WhiteElo "2375"]
[BlackElo "2510"]

1.e4 c5 2.Nc3 e6 3.f4 Nc6 4.Nf3 a6 5.g3 d5 6.d3 Nf6 7.e5 Nd7 8.Bg2 b5 9.O-O Be7
10.Qe1 b4 11.Nd1 O-O 12.b3 a5 13.a4 bxa3 14.Bxa3 a4 15.bxa4 Rxa4 16.Nc3 Ra6
17.Nb5 Qb6 18.c4 Nb4 19.Qc3 Bb7 20.Bb2 Rfa8 21.Rxa6 Rxa6 22.Ra1 Rxa1+ 23.Bxa1 Qa6
24.Na3 d4 25.Qb3 Qa8 26.Kf2 g5 27.h3 h5 28.fxg5 Nxe5 29.Nxe5 Bxg2 30.Qd1 Bxh3
31.Qf3 Qxf3+ 32.Kxf3 Bxg5 33.Nb5 f6  0-1

[Event "Hastings9495"]
[Site "Hastings"]
[Date "1994.??.??"]
[Round "?"]
[White "Lalic, Susan"]
[Black "Kachiani Gersinska, Ketino"]
[Result "1/2-1/2"]
[WhiteElo "2375"]
[BlackElo "2410"]

1.e4 e5 2.Nf3 Nc6 3.Nc3 Nf6 4.d4 exd4 5.Nxd4 Bb4 6.Nxc6 bxc6 7.Bd3 d5 8.exd5 cxd5
9.O-O O-O 10.Bg5 c6 11.Qf3 Bd6 12.Rfe1 Rb8 13.Rab1 h6 14.Bxf6 Qxf6 15.Qxf6 gxf6
16.Ne2 c5 17.b3 Be6 18.c4 d4 19.Ng3 Bxg3 20.hxg3 a5 21.Kf1 Rfe8 22.f4 Kg7
23.Kf2 Bg4 24.Rxe8 Rxe8 25.Re1 Re6 26.Be4 Kf8 27.Bd5 Rxe1 28.Kxe1 Ke7 29.Kd2 Be6
30.Be4 Kd6  1/2-1/2

[Event "Hastings9495"]
[Site "Hastings"]
[Date "1994.??.??"]
[Round "?"]
[White "Kachiani Gersinska, Ketino"]
[Black "McNab, Colin Anderson"]
[Result "1/2-1/2"]
[WhiteElo "2410"]
[BlackElo "2465"]

1.d4 d6 2.Nf3 g6 3.c4 Nd7 4.Nc3 Bg7 5.e4 e5 6.Be2 Ngf6 7.O-O O-O 8.Qc2 c6
9.Rd1 Qc7 10.Rb1 Re8 11.b4 a6 12.dxe5 Nxe5 13.Nxe5 dxe5 14.c5 Be6 15.h3 Rad8
16.Be3 h5 17.Rxd8 Rxd8 18.Rd1 Nh7 19.Rxd8+ Qxd8 20.Qd3 Bf6 21.a3  1/2-1/2

[Event "Hastings9495"]
[Site "Hastings"]
[Date "1994.??.??"]
[Round "?"]
[White "Kachiani Gersinska, Ketino"]
[Black "Howell, James C"]
[Result "1/2-1/2"]
[WhiteElo "2410"]
[BlackElo "2505"]

1.d4 Nf6 2.c4 g6 3.Nc3 Bg7 4.e4 d6 5.Be2 O-O 6.Bg5 h6 7.Be3 e5 8.d5 c6 9.Qd2 h5
10.h3 cxd5 11.cxd5 Na6 12.Nf3 Bd7 13.Ng5 Nh7 14.g4 h4 15.Nxh7 Kxh7 16.O-O-O Nc5
17.Kb1 a6 18.f3 b5 19.b4 Na4 20.Nxa4 bxa4 21.Rc1 Bf6 22.Ka1 Qb8 23.a3 Bd8
24.Qe1 g5 25.Qf2 Be7 26.Rc2 Rc8 27.Rhc1 Rxc2 28.Rxc2 Qb7 29.Qf1 Bd8 30.Qc1 Kg6
31.Bd3  1/2-1/2

[Event "Hastings9495"]
[Site "Hastings"]
[Date "1994.??.??"]
[Round "?"]
[White "Howell, James C"]
[Black "McNab, Colin Anderson"]
[Result "1/2-1/2"]
[WhiteElo "2505"]
[BlackElo "2465"]

1.e4 g6 2.d4 Bg7 3.Nc3 c6 4.Be3 Nf6 5.Be2 Qa5 6.Qd2 d6 7.O-O-O Ng4 8.Bxg4 Bxg4
9.f3 Be6 10.Kb1 Na6 11.Nge2 Bc4 12.Bh6 Bxh6 13.Qxh6 b5 14.Nc1 b4 15.N3e2 Nc7
16.h4 Bxe2 17.Nxe2 Qb5 18.Nc1 O-O-O 19.Rhe1 a5 20.Ne2 Kb7 21.h5 Qc4 22.Qg5 f6
23.Qd2 Ra8 24.Rh1 Nb5 25.Qd3 Qxd3 26.Rxd3 g5 27.Ng3 Kc7 28.a4 Na7 29.c4 bxc3
30.Rxc3 Rab8 31.b3 Rb4 32.Rd1 Rhb8 33.Ka2 Kd7 34.Nf5 Nc8 35.Ne3 R4b6 36.Rdc1 Ra6
37.Ka3 Na7 38.Nc4 Nb5+ 39.axb5 cxb5 40.R3c2 bxc4 41.Rxc4 Rab6 42.R1c3 R8b7
43.d5 Rb4 44.g3 g4 45.fxg4 h6 46.Ka2  1/2-1/2

[Event "Hastings9495"]
[Site "Hastings"]
[Date "1994.??.??"]
[Round "?"]
[White "Howell, James C"]
[Black "Madl, Ildiko"]
[Result "1/2-1/2"]
[WhiteElo "2505"]
[BlackElo "2415"]

1.e4 c5 2.Nf3 d6 3.d4 cxd4 4.Nxd4 Nf6 5.Nc3 Nc6 6.Bc4 e6 7.Be3 a6 8.Qe2 Qc7
9.O-O-O Na5 10.Bd3 b5 11.a3 Bb7 12.g4 Nd7 13.f4 Nb6 14.f5 e5 15.Nb3 Nac4
16.Bxc4 Nxc4 17.Nd5 Bxd5 18.Rxd5 h6 19.Kb1 Be7 20.Nd2 Rc8 21.Nxc4 Qxc4 22.Qg2 b4
23.b3 Qc3 24.Rd3 Qc7 25.a4 Kd7 26.Rhd1 Qc6 27.Rd5 f6 28.h4 Rc7 29.R1d2 Kc8
30.Qe2 Kb7 31.Bf2 Kb8 32.Ra5 Kb7 33.Rad5 Kb8 34.Qd3 Rhc8 35.Re2 Qb7 36.Qd1 Rc6
37.Red2 Ka8 38.Re2 Qc7 39.Be1 Qb6 40.Bf2 Qc7 41.Be3 Rc3 42.Rd3 Rc6 43.Bg1 Qb7
44.Rg3 Rc3 45.Rxc3 Rxc3 46.Re1 Rh3 47.Bf2 Qc6 48.Qd2 Qb7 49.Qe2 Qc6 50.Qd2 Qb7
51.Qe2 Qc6 52.Rd1 Kb7 53.Be1 Qc5 54.Qg2 Qe3 55.Kb2 Qf3 56.Qxf3 Rxf3 57.Bxb4 Kc6
58.Re1 Rg3 59.g5 fxg5 60.hxg5 Rxg5 61.Bd2 Rg2 62.Kc3 d5 63.Kd3 d4 64.c3 dxc3
65.Bxc3 Bf6 66.b4  1/2-1/2

[Event "Hastings9495"]
[Site "Hastings"]
[Date "1994.??.??"]
[Round "?"]
[White "Howell, James C"]
[Black "Luther, Thomas"]
[Result "0-1"]
[WhiteElo "2505"]
[BlackElo "2510"]

1.e4 e6 2.d4 d5 3.Nd2 Nf6 4.e5 Nfd7 5.c3 c5 6.Bd3 Nc6 7.Ne2 cxd4 8.cxd4 f6
9.exf6 Nxf6 10.Nf3 Qb6 11.O-O Bd6 12.Nc3 Bd7 13.Bg5 Nxd4 14.Nxd4 Qxd4 15.Nb5 Qe5
16.f4 Qe3+ 17.Kh1 Qb6 18.Bxf6 gxf6 19.a4 Bxb5 20.Bxb5+ Ke7 21.Qh5 a6 22.Bd3 Rae8
23.Rae1 Kd8 24.f5 e5 25.Qf7 e4 26.Be2 Kc8 27.Qxd5 Kb8 28.Rc1 Bc7 29.Rfd1 Re7
30.Qc4 Qf2 31.Rc3 Qxf5 32.Rb3 Rd8 33.Qxa6 Rxd1+ 34.Bxd1 Qd5 35.Qf1 Rd7 36.Bc2 f5
37.Ra3 Qd2 38.Rc3 e3 39.Bd3 Rxd3 40.Rxd3 e2  0-1

[Event "Hastings9495"]
[Site "Hastings"]
[Date "1994.??.??"]
[Round "?"]
[White "Howell, James C"]
[Black "Lalic, Susan"]
[Result "1-0"]
[WhiteElo "2505"]
[BlackElo "2375"]

1.e4 c6 2.d4 d5 3.exd5 cxd5 4.c4 Nf6 5.Nc3 Nc6 6.Bg5 Be6 7.Bxf6 exf6 8.c5 g6
9.Bb5 h5 10.Nge2 Bh6 11.O-O O-O 12.a3 f5 13.f4 Ne7 14.b4 Kh7 15.Qb3 Bg7 16.Rad1 Ng8
17.Ba4 Nf6 18.Qa2 Qe7 19.Rd3 Rfd8 20.Nd1 Ne4 21.Ne3 a5 22.Qc2 axb4 23.axb4 b6
24.Bb3 bxc5 25.bxc5 Qc7 26.Nc3 Nxc3 27.Qxc3 Qc6 28.Bd1 Ra2 29.Rf2 Rxf2 30.Kxf2 h4
31.Bf3 Bf6 32.g3 Rb8 33.Rd2 hxg3+ 34.hxg3 Kg7 35.Kg2 Rb1 36.Rd1 Rb8 37.Rd2 Rb1
38.Rd1 Rb8 39.Qa3 Qb5 40.Rd2 Qb1 41.Qd3 Qa1 42.Nxd5 Bxd5 43.Bxd5 Rb1 44.Kh3 Rc1
45.c6 Rc3 46.Qe2 Qg1 47.Rd3 Rc1 48.c7 Rxc7 49.Rd1 Re7 50.Qxe7 Qxd1 51.Qxf7+ Kh6
52.Qxf6  1-0

[Event "Hastings9495"]
[Site "Hastings"]
[Date "1994.??.??"]
[Round "?"]
[White "Arakhamia, Ketevan"]
[Black "Madl, Ildiko"]
[Result "1/2-1/2"]
[WhiteElo "2450"]
[BlackElo "2415"]

1.e4 c5 2.Nf3 d6 3.d4 cxd4 4.Nxd4 Nf6 5.Nc3 Nc6 6.Bg5 e6 7.Qd2 a6 8.O-O-O Bd7
9.f4 h6 10.Bxf6 Qxf6 11.Nf3 Qd8 12.g4 Qc7 13.g5 O-O-O 14.g6 fxg6 15.Bh3 Kb8
16.Rhg1 g5 17.fxg5 g6 18.Bg4 Bc8 19.h4 h5 20.Bh3 Bg7 21.Ne2 Qb6 22.c3 Ne5
23.Ned4 Nxf3 24.Nxf3 Rhf8 25.Rgf1 Qa5 26.Kb1 Qc5 27.Nd4 Qe5 28.Qd3 Rxf1 29.Rxf1 Rf8
30.Rxf8 Bxf8 31.Qf3 Bg7 32.a3 d5 33.exd5 Qxd5 34.Qxd5 exd5 35.Bg2 Bxd4 36.cxd4 Be6
37.Kc2 Kc7 38.Kd2 Kd6 39.b4 b6 40.Bf1 a5 41.Bd3 Bf7 42.Ke3  1/2-1/2

[Event "Hastings9495"]
[Site "Hastings"]
[Date "1994.??.??"]
[Round "?"]
[White "Arakhamia, Ketevan"]
[Black "Lalic, Susan"]
[Result "1-0"]
[WhiteElo "2450"]
[BlackElo "2375"]

1.e4 e6 2.d4 d5 3.Nc3 Nf6 4.e5 Nfd7 5.f4 c5 6.Nf3 Nc6 7.Be3 cxd4 8.Nxd4 Bc5
9.Qd2 O-O 10.O-O-O a6 11.h4 Bxd4 12.Bxd4 b5 13.Rh3 Qa5 14.Kb1 b4 15.Ne2 Nc5
16.Bxc5 Qxc5 17.Rg3 f5 18.Nd4 a5 19.Nb5 Qe7 20.Qf2 Ba6 21.Qb6 Bxb5 22.Bxb5 Na7
23.Ba4 Rfb8 24.Qd6 Nc8 25.Qxe7 Nxe7 26.Rb3 Kf7 27.g3 Rc8 28.a3 Rc4 29.axb4 axb4
30.Bb5 Rc5 31.Be2 Rca5 32.Kc1 Nc6 33.c3 bxc3 34.Rxc3 Nb4 35.Kd2 Ra2 36.Rb3 Nc6
37.Rc1 Ne7 38.Rb7 R8a7 39.Rb6 h6 40.h5 R2a4 41.Bb5 Ra2 42.Rc2 Ra1 43.Ke2 Rg1
44.Kf2 Rh1 45.Kg2 Rb1 46.Kf3 g5 47.hxg6+ Nxg6 48.Rc8 Re7 49.Bd3 Rd1 50.Be2 Rh1
51.Kg2 Rb1 52.Bh5 Kg7 53.Rbb8 Kh7 54.Rg8 Nxf4+ 55.gxf4 Rxb2+ 56.Rxb2 Kxg8
57.Rb6 Kf8 58.Kf2 d4 59.Rd6 d3 60.Ke3 Rg7 61.Rxe6  1-0

[Event "Hastings9495"]
[Site "Hastings"]
[Date "1994.??.??"]
[Round "?"]
[White "Arakhamia, Ketevan"]
[Black "Howell, James C"]
[Result "1/2-1/2"]
[WhiteElo "2450"]
[BlackElo "2505"]

1.Nf3 Nf6 2.g3 g6 3.Bg2 Bg7 4.c4 O-O 5.O-O d5 6.cxd5 Nxd5 7.Nc3 Nc6 8.d4 Nb6
9.e3 Re8 10.d5 Na5 11.Nd4 Bd7 12.Qe2 c6 13.dxc6 Nxc6 14.Nxc6 Bxc6 15.Bxc6 bxc6
16.Rd1 Qc8 17.e4 Qe6 18.Bf4 Red8 19.Rac1 h5 20.f3 Rd4 21.Be3 Rxd1+ 22.Rxd1 Nc4
23.Bf2 Rb8 24.b3 Bxc3 25.Rc1 Qf6 26.Qxc4 Bb2 27.Rc2 Rd8 28.Kg2 Bd4 29.Qa6 Rd6
30.Qb7 Kf8 31.Be1 Kg7 32.h4 e5 33.Bb4 c5 34.Bd2 a6 35.Bg5 Qe6 36.Qb8 Rd7
37.Bh6+ Kh7 38.Qf8 f5 39.Bc1 fxe4 40.fxe4 Rf7 41.Qh6+ Kg8 42.Qg5 Rf8 43.Ba3 Qf7
44.Kh2 Bg1+ 45.Kxg1 Qf1+  1/2-1/2